000 00322nam a22001337a 4500
008 180919b xxu||||| |||| 00| 0 eng d
020 _a9780761965800
041 _aeng
080 _a316
100 _a50
101 _aSOC
245 _aCounsselling Survivors Of Childhood Sexual Abuse
_cBurke.c
942 _2udc
_cBK
999 _c47979
_d47979